|
|
|
|
| LEADER |
00000nab a2200000 a 4500 |
| 001 |
vtls008625809 |
| 003 |
SK-MaSNL |
| 005 |
20260303071903.0 |
| 008 |
060224c20060204xo ur| 0 0slo |
| 038 |
|
|
|a RVGKPD
|
| 040 |
|
|
|a RVGKPD
|b slo
|c RVGKPD
|e AACR2
|
| 041 |
|
|
|a slo
|
| 044 |
|
|
|a xo
|c SK
|
| 080 |
|
|
|a 352.9:324
|2 1997
|
| 245 |
0 |
0 |
|a Strany nemajú o košické voľby veľký záujem
|b voľby primátora
|c [autor] (mj)
|
| 610 |
1 |
7 |
|a Košice (Slovensko).
|b Mestské zastupiteľstvo
|2 rvgkpd
|9 94952
|
| 650 |
0 |
7 |
|a voľby
|2 rvgkpd
|9 1580
|
| 651 |
|
7 |
|a Košice (Slovensko)
|2 rvgkpd
|9 18694
|
| 773 |
0 |
|
|t Pravda
|g Roč. XVI, č. 29 (4.2.2006), s. 4
|x 1335-4051
|
| 852 |
|
|
|a RVGKPD
|b KIS3G
|
| 992 |
|
|
|a RBX
|
| 999 |
|
|
|c 1761837
|d 1763767
|